Utilizing of neural networks by processing of biomedical data = Využití neuronových sítí při zpracování biomedicínských dat /

Hlavní autor: Jiřina, Marcel, 1972-
Korporativní autor: České vysoké učení technické v Praze. Fakulta biomedicínského inženýrství
Jazyk: Angličtina
Vydáno: V Praze : České vysoké učení technické, 2006
Edice: Habilitační přednášky ; 27/2006
Témata:
Fyzický popis: 21 s. : il. ; 21 cm
Language note: České resumé
Knihy
Uloženo v:
LEADER 02032nam a2200481 a 4500
001 nkc20061699802
003 CZ PrNK
005 20120725133653.0
007 ta
008 061129s2006 xr a f m 000 0 eng
015 |a cnb001699802 
020 |a 80-01-03596-4  |q (brož.) 
035 |a (OCoLC)124089361 
040 |a BOA001  |b cze  |d ABA001 
041 0 |a eng  |b cze 
072 7 |a 004.8  |x Umělá inteligence  |2 Konspekt  |9 23 
080 |a 616-07/-08-71  |2 MRF 
080 |a 004.032.26  |2 MRF 
080 |a (043.5:042.3)  |2 MRF 
100 1 |a Jiřina, Marcel,  |d 1972-  |7 ntka172806  |4 aut 
245 1 0 |a Utilizing of neural networks by processing of biomedical data =  |b Využití neuronových sítí při zpracování biomedicínských dat /  |c Marcel Jiřina 
246 3 1 |a Využití neuronových sítí při zpracování biomedicínských dat 
260 |a V Praze :  |b České vysoké učení technické,  |c 2006 
300 |a 21 s. :  |b il. ;  |c 21 cm 
490 1 |a Habilitační přednášky ;  |v 27/2006 
500 |a Nad názvem: Czech Technical University in Prague, Faculty of Biomedical Engineering 
500 |a 150 výt. 
504 |a Obsahuje bibliografii 
546 |a České resumé 
650 0 7 |a biomedicínské inženýrství  |7 ph135799  |2 czenas 
650 0 7 |a neuronové sítě (počítačová věda)  |7 ph115443  |2 czenas 
650 0 9 |a biomedical engineering  |2 eczenas 
650 0 9 |a neural networks  |2 eczenas 
655 7 |a habilitační přednášky  |7 fd187328  |2 czenas 
655 9 |a habilitation lectures  |2 eczenas 
710 2 |a České vysoké učení technické v Praze.  |b Fakulta biomedicínského inženýrství  |7 xx0036074 
810 2 |a České vysoké učení technické v Praze.  |t Habilitační přednášky  |0 s 
910 2 |a BOA001  |b 2-1172.772 
990 |a BK 
995 |a 01 
991 |b 200612  |c NOV 
996 6 |b 2610295470  |c 2-1172.772  |l MZK  |r Sklad / do 1 hodiny  |n 0  |p p.v.  |w 000834140  |u 000010  |a 1  |e BOA001  |j MZK50  |s P 
996 7 |b 2610295471  |c 2-1172.772  |l MZK  |r Sklad / do 1 hodiny  |n 4  |p p.v.  |w 000834140  |u 000020  |a 1  |e BOA001  |j MZK50  |s A